| 000 | 00735nam a22002057a 4500 | ||
|---|---|---|---|
| 999 |
_c19031 _d19031 |
||
| 003 | AR-CdUCM | ||
| 008 | 190415b ||||| |||| 00| 0 spa d | ||
| 040 |
_aMUNICIPALIDAD PROVINCIAL DEL CUSCO _cBIBLIOTECA MUNICIPAL DEL CUSCO |
||
| 082 |
_a346.985 / _bP19 |
||
| 100 |
_aPalacio P., H. Gustavo _931898 |
||
| 245 | _aElementos de derecho civil peruano / | ||
| 260 |
_aLima : _bUniverso, _c1971. |
||
| 300 |
_a418 páginas ; _c22 cm. |
||
| 505 | _aContenido: Derecho de las personas -- De los actos jurídicos -- De los derechos reales -- De la obligaciones -- Derecho de la familia ... | ||
| 650 |
_aDerecho civil _97386 |
||
| 650 |
_aLegislación _92962 |
||
| 650 |
_aPerú _935 |
||
| 942 |
_2ddc _cLIBROS |
||
| 945 |
_apjha _d2019-05-16 |
||